000 00595nam a22002057a 4500
003 OSt
005 20260511104913.0
008 260511b |||||||| |||| 00| 0 eng d
020 _a9781529405965
040 _aKenya National Library Service
_erda
082 _a843.92 DUP
100 _aDupont-Monod, Clara
_eauthor
245 _aThe Revolt /
_cClara Dupont-Monod, translated by Ruth Diver
300 _a191 pages ;
_c22 cm.
650 _aBiographical fiction
700 _aDiver, Ruth
_etranslator
942 _2ddc
_cBK
_n0
999 _c492653
_d492653